আন্তর্জাতিক সংগঠন / (Record no. 38592)
[ view plain ]
| 000 -LEADER | |
|---|---|
| fixed length control field | 00912nam a2200241 a 4500 |
| 001 - CONTROL NUMBER | |
| control field | 38592 |
| 003 - CONTROL NUMBER IDENTIFIER | |
| rucl marc code | BD-RjUL |
| 005 - DATE AND TIME OF LATEST TRANSACTION | |
| control field | 20211209052826.0 |
| 008 - FIXED-LENGTH DATA ELEMENTS--GENERAL INFORMATION | |
| fixed length control field | 160118s1989 bg ||||| |||| 001 0 ben d |
| 035 ## - SYSTEM CONTROL NUMBER | |
| System control number | (BD-RjUL)38700 |
| 040 ## - CATALOGING SOURCE | |
| Original cataloging agency | BD-RjUL |
| Language of cataloging | ben |
| Transcribing agency | BD-RjUL |
| Modifying agency | BD-RjUL |
| 041 ## - LANGUAGE CODE | |
| Language code of text/sound track or separate title | ben |
| 082 ## - DEWEY DECIMAL CLASSIFICATION NUMBER | |
| Edition number | 23 |
| Classification number | 341.2 |
| Author mark and year | ALA 1989 |
| 100 ## - MAIN ENTRY--PERSONAL NAME | |
| Personal name | আলম, শাহ |
| 9 (RLIN) | 119087 |
| 245 ## - TITLE STATEMENT | |
| Title | আন্তর্জাতিক সংগঠন / |
| Statement of responsibility, etc. | ড: শাহ আলম |
| 260 ## - PUBLICATION, DISTRIBUTION, ETC. (IMPRINT) | |
| Place of publication, distribution, etc. | ঢাকা : |
| Name of publisher, distributor, etc. | বাংলা একাডেমী, |
| Date of publication, distribution, etc. | ১৯৮৯ [১৩৯৬] |
| 300 ## - PHYSICAL DESCRIPTION | |
| Pagination | ১৪, ১৭৬ পৃ. ; |
| Size | ২১ সেমি. |
| 500 ## - GENERAL NOTE | |
| General note | নির্ঘন্ট ও পাদটিকা সংযুক্ত । |
| 650 ## - SUBJECT ADDED ENTRY--TOPICAL TERM | |
| Topical term or geographic name as entry element | আন্তর্জাতিক সংস্থা |
| 9 (RLIN) | 119088 |
| Topical term or geographic name as entry element | Internationale Organisation |
| 9 (RLIN) | 119089 |
| Topical term or geographic name as entry element | International organization. |
| 9 (RLIN) | 119090 |
| 942 ## - ADDED ENTRY ELEMENTS (KOHA) | |
| Source of classification or shelving scheme | Dewey Decimal Classification |
| Koha item type | Books |
| Lost status | Source of classification or shelving scheme | Damaged status | Not for loan | Collection code | Permanent Location | Current Location | Shelving location | Date acquired | Source of acquisition | Cost, normal purchase price | Total Checkouts | Full call number | Date last seen | Date checked out | Copy number | Koha item type | Total Renewals |
|---|---|---|---|---|---|---|---|---|---|---|---|---|---|---|---|---|---|
| Dewey Decimal Classification | Non-fiction | Central Library, University of Rajshahi | Central Library, University of Rajshahi | 20/05/1990 | আইন বিভাগ, রা.বি. | 50.00 | 3 | B 341.2 ALA 1989 | 23/10/2024 | 16/10/2024 | C-2 | Books | |||||
| Dewey Decimal Classification | Non-fiction | Central Library, University of Rajshahi | Central Library, University of Rajshahi | 20/05/1990 | Dept. of Law, RU | 50.00 | 3 | B 341.2 ALA 1989 | 09/10/2024 | 29/09/2024 | C-3 | Books | |||||
| Dewey Decimal Classification | Non-fiction | Central Library, University of Rajshahi | Central Library, University of Rajshahi | 06/08/2007 | Author | B 341.2 ALA 1989 | 08/08/2016 | C-4 | Books | ||||||||
| Dewey Decimal Classification | Non-fiction | Central Library, University of Rajshahi | Central Library, University of Rajshahi | 20/05/1990 | Dept. of Law, RU | 50.00 | 2 | B 341.2 ALA 1989 | 10/11/2021 | 28/01/2020 | C-5 | Books | 1 | ||||
| Dewey Decimal Classification | Non-fiction | Central Library, University of Rajshahi | Central Library, University of Rajshahi | 20/05/1990 | De, Sahaalam Law dept. RU. | 50.00 | B 341.2 ALA 1989 | 09/11/2016 | C-6 | Books | |||||||
| Dewey Decimal Classification | Non-fiction | Central Library, University of Rajshahi | Central Library, University of Rajshahi | 20/05/1990 | De, Sahaalam Law dept. RU. | 50.00 | 1 | B 341.2 ALA 1989 | 15/12/2025 | 26/11/2025 | C-7 | Books | |||||
| Dewey Decimal Classification | Not For Loan | Non-fiction | Central Library, University of Rajshahi | Central Library, University of Rajshahi | Reading Room | 20/05/1990 | De, Sahaalam Law dept. RU. | 50.00 | B 341.2 ALA 1989 | 27/12/2016 | C-1 | Books |